000 00679nam a2200217 a 4500
005 20250902063938.0
008 070221s2003 mx r 000 0 spa d
020 _a8471124890 (10 dígitos)
020 _a9786079278106 (13 dígitos)
035 _aUPN01000149441
049 _aCG
050 4 _aLB1062
_bP6.2
100 1 _aPozo Municio, Juan Ignacio
_929582
245 1 0 _aAdquisición de conocimiento:
_bcuando la carne se hace verbo /
_cJuan Ignacio Pozo Municio.
260 _aMadrid :
_bMorata,
_c2003.
300 _a271 p.
440 0 _aPsicología.
_pManuales
650 2 _aAprendizaje cognoscitivo
_95398
650 4 _aTeoría del conocimiento
_91707
905 _aLibro
999 _c121582
_d121582